000
00323nam a22001457a 4500
008
210301b ||||| |||| 00| 0 eng d
020
_a
9780803619111
041
_a
eng
080
_2
11th
_a
610.73
082
_a
610.73
100
_a
1
101
_a
INF
245
_a
Drug Guide for Nurses
_c
Deglin, J.H
942
_2
udc
_c
BK
999
_c
55389
_d
55389